000 00726nam a2200253Ia 4500
003 OSt
005 20220926030310.0
006 a|||||r|||| 00| 0
007 ta
008 220923b |||||||| |||| 00| 0 eng d
020 _a0256028710
037 _cGeneral Book
040 _aRTL
_cRTL
_beng
041 _2eng
_aeng
082 _aX:1:(S:44), M3
100 _aHawkins Del I, and others
_9244047
245 0 _aConsumer behavior
_b Implication for marketing strat
250 _a2nd
260 _aPlano
_bBusiness Publications
_c1983
300 _axx,645p
_ccm.
650 _aConsumption Economics
942 _hX:1:(S:44), M3
_cGB
_2CC
999 _c649234
_d649234